La ley y su justicia: tres capítulos de justicia constitucional
Guardat en:
| Autor principal: | |
|---|---|
| Format: | Llibre |
| Idioma: | espanyol |
| Publicat: |
Madrid
Editorial Trotta
2014
|
| Edició: | 1a. ed |
| Col·lecció: | Colección Estructuras y Procesos. Serie Derecho
|
| Matèries: | |
| Etiquetes: |
Afegir etiqueta
Sense etiquetes, Sigues el primer a etiquetar aquest registre!
|
MARC
| LEADER | 00000cam a2200000 a 4500 | ||
|---|---|---|---|
| 001 | UCC0712 | ||
| 003 | CL-VaPUC | ||
| 008 | 170825e20140000sp |||||||||||||||||spa|d | ||
| 020 | |a 9788498794878 | ||
| 082 | 0 | 4 | |a 342.085 |b ZAG |2 21 |
| 100 | 0 | |a Zagrebelsky, Gustavo |e author |9 594723 | |
| 245 | 1 | 3 | |a La ley y su justicia: tres capítulos de justicia constitucional |
| 250 | |a 1a. ed | ||
| 300 | |a 349 p | ||
| 942 | |c BK | ||
| 945 | |d 20170825 13:52:00 |a arojas | ||
| 260 | |a Madrid |b Editorial Trotta |c 2014 | ||
| 650 | 0 | |a Derecho constitucional |9 222588 | |
| 650 | 0 | |a Justicia constitucional |9 470037 | |
| 650 | 0 | |a Poder ejecutivo |9 255177 | |
| 583 | |a last modification |c 20170825 13:52:00 |k Rodrigo Vera | ||
| 490 | 0 | |a Colección Estructuras y Procesos. Serie Derecho | |
| 999 | |c 369465 |d 369463 | ||
| 952 | |0 0 |1 0 |3 erb |4 0 |6 342_085000000000000_ZAG_2014 |7 0 |8 A |9 485278 |a BIBDER |b BIBDER |i 541881K |o 342.085 ZAG 2014 |p 541881K |r 2023-01-25 |w 2019-11-24 |y BK |z Catalogado en:20170825 |k DER | ||